2024-2025 Premier League Clubs in 30 Seconds - Statistics

General Stats
  • This quiz has been taken 29 times
  • The average score is 11 of 20
Answer Stats
Club % Correct
Manchester City
96%
Manchester United
96%
Chelsea
88%
Liverpool
88%
Arsenal
76%
Tottenham Hotspur
76%
Aston Villa
64%
Newcastle United
52%
Wolverhampton Wanderers
52%
Everton
48%
Leicester City
48%
West Ham United
48%
Brighton & Hove Albion
44%
Brentford
40%
Fulham
40%
Ipswich Town
40%
Southampton
40%
AFC Bournemouth
36%
Nottingham Forest
32%
Crystal Palace
20%
No matching quizzes found
Score Distribution
Percent of People with Each Score
Percentile by Number Answered
Your Score History
You have not taken this quiz